000 00681nam a22002177a 4500
003 UA-OsUOA
001 123358
007 ta
008 20170613b un ||||| |||| 00| 0 ukr d
100 _aТоміленко Л. М.
090 _a81
_bТ56
942 _cSA
040 _aUA-OsUOA
_bukr
_cUA-OsUOA
_dUA-OsUOA
245 _aРусизм (росіянізми) в українській перекладній лексикографії початку ХХ ст.
300 _aС.71-80
955 _a0
041 _aukr
080 _a81
773 0 _w123354
650 7 _a8 Мовознавство. Художня література. Літературознавство
_2UDC
999 _c410344
_d410344